Central Library OPAC University of Rajshahi

Preface to action / (Record no. 35527)

MARC details
000 -LEADER
fixed length control field 00811nam a22002771 4500
001 - CONTROL NUMBER
control field 35527
003 - CONTROL NUMBER IDENTIFIER
rucl marc code BD-RjUL
005 - DATE AND TIME OF LATEST TRANSACTION
control field 20211209052334.0
008 - FIXED-LENGTH DATA ELEMENTS--GENERAL INFORMATION
fixed length control field 140526s1934 enk 000 0 eng
035 ## - SYSTEM CONTROL NUMBER
System control number (BD-RjUL)35621
System control number (OCoLC)2031318
040 ## - CATALOGING SOURCE
Original cataloging agency DLC
Transcribing agency MsSM
Modifying agency BD-RjUL
Language of cataloging eng
041 ## - LANGUAGE CODE
Language code of text/sound track or separate title eng
082 ## - DEWEY DECIMAL CLASSIFICATION NUMBER
Edition number 21
Classification number 302
Author mark and year CAP 1934
100 1# - MAIN ENTRY--PERSONAL NAME
Personal name Catlin, George Edward Gordon
Dates associated with a name 1896-1979.
9 (RLIN) 101221
245 10 - TITLE STATEMENT
Title Preface to action /
Statement of responsibility, etc. George Edward Gordon Catlin
260 ## - PUBLICATION, DISTRIBUTION, ETC. (IMPRINT)
Place of publication, distribution, etc. London :
Name of publisher, distributor, etc. George Allen,
Date of publication, distribution, etc. 1934.
300 ## - PHYSICAL DESCRIPTION
Pagination 319 p. ;
Size 21 cm.
500 ## - GENERAL NOTE
General note At head of title: George E. G. Catlin.
General note "Printed in Great Britain."
650 #0 - SUBJECT ADDED ENTRY--TOPICAL TERM
Topical term or geographic name as entry element Political science.
9 (RLIN) 108170
Topical term or geographic name as entry element Social psychology.
9 (RLIN) 108171
942 ## - ADDED ENTRY ELEMENTS (KOHA)
Source of classification or shelving scheme Dewey Decimal Classification
Koha item type Books
Holdings
Lost status Source of classification or shelving scheme Damaged status Not for loan Collection code Permanent Location Current Location Shelving location Date acquired Source of acquisition Cost, normal purchase price Total Checkouts Full call number Date last seen Copy number Koha item type
  Dewey Decimal Classification   Not For Loan Non-fiction Central Library, University of Rajshahi Central Library, University of Rajshahi Reading Room 19/05/1955 Pak. Co-op. Book Society 50.40   302 CAP 1934 26/05/2014 C-1 Books